Fencing with the foil : instruction and technique /

Saved in:
Bibliographic Details
Main Author: Crosnier, Roger
Format: Book
Language:English
Published: London : Faber, 1951.
Subjects:
LEADER 00890cam a2200217 a 4500
001 c000215905
003 CARM
005 20060719122359.0
008 851119s1951 enkac 000 0 eng d
019 1 |a 4108498  |z 28345390  |5 LACONCORD2021 
035 |a (OCoLC)1439217  |5 LACONCORD2021 
040 |a XNLS  |b eng  |c XNLS  |d SUSA  |d VCAV 
082 0 4 |a 796.86 
100 1 |a Crosnier, Roger. 
245 1 0 |a Fencing with the foil :  |b instruction and technique /  |c Roger Crosnier ; with a preface by J. Emrys Lloyd and with illustrations by Kaye Gibson. 
260 |a London :  |b Faber,  |c 1951. 
300 |a 270 p., [9] p. of plates :  |b ill., port. ;  |c 23 cm. 
650 0 |a Fencing. 
852 8 |b CARM  |h A2:AN37A0  |i B06295  |p 0269134  |f BK 
999 f f |i c80ddd56-00d7-5b2e-9d2a-8e8944e5986f  |s 531af8fa-4edd-5604-989a-ca70b713d5f7 
952 f f |p Can circulate  |a CAVAL  |b CAVAL  |c CAVAL  |d CARM 1 Store  |e B06295  |f A2:AN37A0  |h Other scheme  |i book  |m 0269134